|
|
|
|
| LEADER |
00870pam a22003138a 4500 |
| 001 |
00034385 |
| 005 |
20171026081025.0 |
| 008 |
160811s2012 ||||||Viesd |
| 020 |
# |
# |
|c 82000
|a 9786041003149
|
| 041 |
0 |
# |
|a Vie
|
| 082 |
1 |
4 |
|a 915.97
|b D300S
|
| 100 |
1 |
# |
|a Bùi, Đẹp
|e Biên soạn
|
| 245 |
0 |
0 |
|n T.2
|a Di sản thế giới tại Việt Nam
|c Bùi Đẹp (b.s)
|
| 260 |
# |
# |
|b Trẻ
|c 2012
|a TP. Hồ Chí Minh
|
| 300 |
# |
# |
|a 268 tr.
|c 21 cm.
|b minh họa
|
| 653 |
# |
# |
|a Danh nhân
|
| 653 |
# |
# |
|a Việt Nam
|
| 653 |
# |
# |
|a Sinh quyển
|
| 653 |
# |
# |
|a Di sản văn hóa
|
| 653 |
# |
# |
|a Danh thắng
|
| 852 |
# |
# |
|j KD.0017570
|
| 852 |
# |
# |
|b Kho đọc
|j KD.0017570
|
| 910 |
|
|
|d 11/08/2016
|
| 980 |
# |
# |
|a Trung tâm Học liệu Lê Vũ Hùng, Trường Đại học Đồng Tháp
|